000 00702nam a2200241Ia 4500
003 OSt
005 20220924113852.0
006 a|||||r|||| 00| 0
007 ta
008 220923b |||||||| |||| 00| 0 urd d
024 _a323206
037 _cTextual
040 _aARTS
_cARTS
_burd
041 _2urd
_aurd
082 _aV25244.N24, 168G1
100 _aMarharvi enged Ahmad Au.
_9170557
245 0 _aMuraqqa-e-Akbarabad yani tareekh-e-Agra
260 _aAgra
_bElectric Abul Alai press India
_c1931
300 _a232p.
_ccm.
650 _aAGRA - HISTORY
_9170558
942 _hV25244.N24, 168G1
_cTEXL
_2CC
999 _c390658
_d390658